000 00736nam a2200241 i 4500
001 bgj
100 1 _aGODEL, Rainer.
245 1 0 _aSchillers "Wallenstein"-Trilogie :
_beine produktionstheoretische Analyse /
_cRainer Godel.
260 _aSt. Ingbert :
_bRöhrig Universitätsverlag,
_c1999.
300 _a382 s. ;
_c21 cm.
490 1 _aSaarbrücker Beiträge zur Literaturwissenschaft
_vBd. 64
504 _aBibliogr. s. 343-382.
650 9 _aLiteratura niemiecka
830 _aSaarbrücker Beiträge zur Literaturwissenschaft
020 _a3861101939
040 _cBPK
041 0 _ager
044 _aDEU
080 _a821.112.2
920 _a3-86110-193-9
942 _cKS
008 s gw f |000 0 ger
999 _c50499
_d50499
856 _uhttp://koha.tu.koszalin.pl/cgi-bin/koha/opac-detail.pl?biblionumber=50499
_yKatalog online BPK